000 00618cam a2200241 a 4500
001 0088
003 DO-SdBNP
005 20180202142608.0
007 0088
008 841203s 1984 sp 000 f spa d
020 _a8424304675
040 _aBPMSU
_cspa
_dBPMSU
100 1 _aDefoe, Daniel,
_d 1661?-1731.
245 1 3 _aRobinson Crusoe /
_cDaniel Defoe
260 _aBilbao, España :
_b Fher
_c1984
300 _a128 p. ;
_bil.
_c20 cm.
490 1 _aClásica juvenil
830 0 _a Clásica juvenil
_v
910 _a
942 _2ddc
_cBK
945 _aInventariado, 2018/ YL
956 _a VMATEO
_210
_320160328
_6BPMSU
_80069
999 _c9383
_d9383